下北交通 大畑線の駅 - Statistics

General Stats
  • This quiz has been taken 3 times
  • The average score is 2 of 8
Answer Stats
所在地 駅名 % Correct
むつ市 下北
100%
大畑
67%
田名部
33%
陸奥関根
33%
海老川
0%
樺山
0%
川代
0%
下北郡大畑町(現:むつ市) 正津川
0%
No matching quizzes found
Score Distribution
Percent of People with Each Score
Percentile by Number Answered
Your Score History
You have not taken this quiz